000 00452nam a2200181Ia 4500
003 GCL
008 140319s9999 xx 000 0 eng d
040 _aGCL /
_cGCL
082 0 4 _a786.2
_bS M
100 1 _aSUSCHITZKY, ANYA
245 1 0 _aMORE EASY PIANO TUNES /
_cSUSCHITZKY, ANYA
260 _a[S.N] :
_bUSBORNE PUBLISHING LTD ،
_c1993
300 _a64
650 0 4 _aPIANO
650 0 4 _aMUSIC
650 0 4 _aSTUDY AND LEARNING
942 _2ddc
_cBK
999 _c25285
_d25285